000 00620nam a2200265Ia 4500
005 20260121161356.0
008 008 260114s9999 xx 000 0 eng d
020 _a9781315258027
037 _aEBOOK
040 _aCRL
040 _beng
040 _cCRL
041 _2eng
041 _aeng
084 _qCRL
100 _aDevelopment
_91043789
245 0 _aStuart Corbridge
260 _bTaylor and Francis
260 _c2008
650 _aHuman Geography
_91043790
856 _uhttp://www.taylorfrancis.com/books/9781315258027
942 _cEBOOK
999 _c1610300
_d1610300